| 000 | 00456nam a2200169Ia 4500 | ||
|---|---|---|---|
| 008 | 230917s9999||||xx |||||||||||||| ||und|| | ||
| 020 | _cUSD695 | ||
| 040 |
_e245465 _aMAIN |
||
| 041 | _aEnglish | ||
| 082 | _a610 B469N | ||
| 100 | _aBhupinder Singh, ed. | ||
| 245 | 0 | _aNanobiomedicine. 6V | |
| 260 |
_aUSA _bStadium Press _c2015 |
||
| 300 | _av. p. | ||
| 500 | _a3029 29/01/2018 RBP18/68864 05/02/2018 Pharmaceutical Sciences (Non- Plan) | ||
| 942 | _cBK | ||
| 999 |
_c25790 _d25790 |
||